Hennepin County School Distircts, MN (Map) - Statistics

General Stats
  • This quiz has been taken 37 times
    30 since last reset
  • The average score is 13 of 23
Answers on the Map
Answers color-coded by a green-red scale on the quiz's map according to % correct below.
 
Answer Stats
School District % Correct
Edina
84%
Minneapolis
84%
Minnetonka
84%
Wayzata
84%
Bloomington
79%
Eden Prairie
79%
Richfield
74%
Hopkins
68%
Orono
68%
St. Louis Park
68%
Brooklyn Center
63%
Osseo
58%
Robbinsdale
58%
Anoka-Hennepin
53%
Waconia
53%
Elk River
47%
Delano
42%
Westonka
37%
Rockford
32%
Watertown-Mayer
32%
St. Anthony-New Brighton
16%
Buffalo-Hanover-Montrose
11%
Intermediate
5%
No matching quizzes found
Score Distribution
Percent of People with Each Score
Percentile by Number Answered
Your Score History
You have not taken this quiz since the last reset